000
00291nam a2200121 a 4500
005
20140414132101.0
008
100703s19uu xx 00 eng d
050
_a
ER
_b
Th422 2000
100
_a
Kidd, Ronald
245
_a
Things that fly.
260
_b
Advanced pub,
_c
2000.
999
_c
114459
_d
114459